000 00513cam a22002051 4500
001 ne 65000747
003 DLC
005 20260227111812.0
008 881028s1964 xx 000 0 ara
010 _ane 65000747
035 _a(OCoLC)23503156
040 _aDLC
_cMiU
_dDLC
050 0 0 _aTC558.E5
_bA839
100 1 _aRīmāwī, Suhaylah Zakīyah.
245 1 0 _aMin waḥy al-Sadd al-ʻĀlī.
260 _c[1964]
300 _a130 p.
_c24 cm.
500 _aRomanized.
651 0 _aAswan High Dam (Egypt)
999 _c48038
_d48038